Statistics for European Soccer Stadiums By Picture

Click here to take the quiz!

General Stats

  • This quiz has been taken 51 times
  • The average score is 9 of 15

Answer Stats

Answer% Correct
Camp Nou
98%
Stamford Bridge
88%
Anfield Stadium
77%
Old Trafford
77%
Allianz Arena
72%
Wembley Stadium
72%
Emirates Stadium
67%
San Siro
65%
Signal Iduna Park
53%
Santiago Bernabeu
49%
Tottenham Hotspur Stadium
40%
Celtic Park
37%
Juventus Stadium
35%
Wanda Metropolitano
33%
Parc des Princes
30%

Score Distribution

Percentile by Number Answered

Percent of People with Each Score

Your Score History

You have not taken this quiz